[Event "Teusaquillo Rapid op"]
[Site "Teusaquillo"]
[Date "2023.03.04"]
[Round "1"]
[White "Ramirez Daza, Diego"]
[Black "Franco, Marcos"]
[Result "1-0"]
[WhiteElo "2137"]
[BlackElo "1576"]
[PlyCount "91"]
[EventDate "2023.03.04"]
[EventType "swiss (rapid)"]
[EventRounds "9"]
[EventCountry "COL"]
[SourceTitle "CBM 213 Extra"]
[Source "ChessBase"]
[SourceDate "2023.05.31"]
[SourceVersion "1"]
[SourceVersionDate "2023.05.31"]
[SourceQuality "1"]

1. e4 c6 2. d4 d5 3. exd5 cxd5 4. c4 Nf6 5. Nc3 Nc6 6. Nf3 e6 7. c5 Be7 8. Bb5 0-0 9. Bxc6 bxc6 10. 0-0 Re8 11. Re1 a5 12. Ne5 Bb7 13. Bg5 Nd7 14. Bxe7 Qxe7 15. Na4 Nxe5 16. Rxe5 Ba6 17. Nb6 Ra7 18. Qd2 f6 19. Re3 e5 20. Rae1 e4 21. Ra3 Bb5 22. Rxa5 Qc7 23. Rxa7 Qxa7 24. a4 Bd3 25. b4 Kf7 26. Qf4 Re6 27. h4 h6 28. h5 Kg8 29. Re3 Bc2 30. Rg3 Kh8 31. Qg4 Qf7 32. Qf5 Bd1 33. b5 Bxh5 34. bxc6 Rxc6 35. Qxd5 Qxd5 36. Nxd5 Bf7 37. Nb6 g6 38. a5 Rc7 39. a6 Be8 40. Ra3 Bc6 41. a7 Re7 42. a8Q+ Bxa8 43. Rxa8+ Kg7 44. d5 f5 45. d6 Re5 46. d7 1-0

[Event "Cali Valle Colombia op-B"]
[Site "Cali Valle Colombia"]
[Date "2022.12.30"]
[Round "8"]
[White "Franco, Marcos"]
[Black "Plazas, Alfonso"]
[Result "0-1"]
[WhiteElo "1569"]
[BlackElo "1890"]
[PlyCount "62"]
[EventDate "2022.12.26"]
[EventType "swiss"]
[EventRounds "8"]
[EventCountry "COL"]
[SourceTitle "CBM 211 Extra"]
[Source "ChessBase"]
[SourceDate "2023.01.31"]
[SourceVersion "1"]
[SourceVersionDate "2023.01.31"]
[SourceQuality "1"]

1. d4 d5 2. Bf4 Nf6 3. e3 c5 4. c3 Nc6 5. Nf3 Bg4 6. h3 Bh5 7. g4 Bg6 8. Nbd2 e6 9. Bg2 Bd6 10. Ne5 Bxe5 11. dxe5 Nd7 12. Nf3 Be4 13. 0-0 Bxf3 14. Bxf3 Ndxe5 15. Bg2 0-0 16. Bg3 Qb6 17. b3 Rad8 18. f4 Nd7 19. Bh4 Rde8 20. Qd3 Nf6 21. Rad1 Qa6 22. Qc2 b5 23. Qf2 c4 24. b4 Qb6 25. Kh1 Ne4 26. Bxe4 dxe4 27. Rd6 Rc8 28. Rfd1 a5 29. a3 axb4 30. axb4 Qa7 31. Rd7 Qa3 0-1

[Event "Cali Valle Colombia op-B"]
[Site "Cali Valle Colombia"]
[Date "2022.12.29"]
[Round "6"]
[White "Franco, Marcos"]
[Black "Mejias Cuevas, Jhon Deiby"]
[Result "1-0"]
[WhiteElo "1569"]
[BlackElo "1600"]
[PlyCount "115"]
[EventDate "2022.12.26"]
[EventType "swiss"]
[EventRounds "8"]
[EventCountry "COL"]
[SourceTitle "CBM 211 Extra"]
[Source "ChessBase"]
[SourceDate "2023.01.31"]
[SourceVersion "1"]
[SourceVersionDate "2023.01.31"]
[SourceQuality "1"]

1. d4 d5 2. Bf4 Bf5 3. e3 e6 4. c4 c6 5. Nc3 Nf6 6. Qb3 Qb6 7. c5 Qxb3 8. axb3 Nbd7 9. b4 Be7 10. b5 0-0 11. h3 cxb5 12. Bxb5 a6 13. Be2 Rfc8 14. b4 Nb8 15. Nf3 Nc6 16. Ra4 Bc2 17. Ra3 Nxb4 18. 0-0 Nc6 19. Rc1 Bg6 20. Na4 Bd8 21. Rca1 Nd7 22. Nc3 Bc7 23. Bg5 h6 24. Bh4 Rab8 25. Nd2 Nf6 26. Bxf6 gxf6 27. Nf3 Rd8 28. Nh4 Bh7 29. f4 e5 30. dxe5 fxe5 31. f5 d4 32. Ne4 Ne7 33. Nf6+ Kg7 34. Nxh7 Kxh7 35. exd4 Rxd4 36. Nf3 Rf4 37. g4 h5 38. Ng5+ Kg7 39. Rd1 Rd4 40. Rf1 Nd5 41. c6 Nf4 42. Bf3 hxg4 43. hxg4 Bb6 44. Kh2 Rd2+ 45. Kg3 Rh8 46. cxb7 f6 47. Ne6+ Nxe6 48. fxe6 Rdh2 49. Bg2 e4 50. b8Q Rxg2+ 51. Kxg2 Rxb8 52. Rxa6 Bc5 53. Rd1 Rb2+ 54. Kg3 e3 55. Rd7+ Kh6 56. e7 e2 57. e8Q Rb3+ 58. Kg2 1-0

[Event "Ibague Blitz op"]
[Site "Ibague"]
[Date "2022.10.08"]
[Round "7"]
[White "Franco, Marcos"]
[Black "Cardozo, Stid Jafhar"]
[Result "0-1"]
[WhiteElo "1587"]
[BlackElo "1911"]
[PlyCount "94"]
[EventDate "2022.10.08"]
[EventType "swiss (blitz)"]
[EventRounds "9"]
[EventCountry "COL"]
[SourceTitle "CBM 210 Extra"]
[Source "ChessBase"]
[SourceDate "2022.11.30"]
[SourceVersion "1"]
[SourceVersionDate "2022.11.30"]
[SourceQuality "1"]

1. d4 Nf6 2. Bf4 e6 3. e3 d5 4. Nf3 c5 5. c3 Bd6 6. Bg3 Qc7 7. dxc5 Qxc5 8. Bxd6 Qxd6 9. Qa4+ Bd7 10. Bb5 0-0 11. Bxd7 Nbxd7 12. Nbd2 Nc5 13. Qc2 Qa6 14. c4 Rac8 15. 0-0 dxc4 16. Qxc4 Rfd8 17. Qxa6 Nxa6 18. Rac1 Nb4 19. a3 Nd3 20. Rxc8 Rxc8 21. b4 Rc3 22. Ra1 Nd5 23. g3 b5 24. Ne4 Rc2 25. Ned2 Kf8 26. Kf1 Nc3 27. Kg2 Ke7 28. h4 e5 29. h5 e4 30. Nd4 Rxd2 31. Nf5+ Kf6 32. g4 Rxf2+ 33. Kg3 Rf3+ 34. Kg2 g6 35. hxg6 hxg6 36. Nd4 Rxe3 37. Rh1 Nd5 38. Rf1+ Ke7 39. Nc6+ Kd6 40. Nxa7 f6 41. Nxb5+ Ke5 42. Nc7 N5f4+ 43. Kg1 Rg3+ 44. Kh1 e3 45. Nb5 e2 46. Rb1 Nf2+ 47. Kh2 Rg2# 0-1

[Event "Soacha op-B"]
[Site "Soacha"]
[Date "2021.09.09"]
[Round "3"]
[White "Franco, Marcos"]
[Black "Mena, Yamil Octavio"]
[Result "0-1"]
[WhiteElo "1644"]
[BlackElo "1891"]
[PlyCount "64"]
[EventDate "2021.09.08"]
[EventType "swiss"]
[EventRounds "9"]
[EventCountry "COL"]
[SourceTitle "CBM 204 Extra"]
[Source "ChessBase"]
[SourceDate "2021.11.30"]
[SourceVersion "1"]
[SourceVersionDate "2021.11.30"]
[SourceQuality "1"]

1. d4 Nf6 2. c4 e5 3. d5 Bc5 4. Nc3 e4 5. Bg5 Bxf2+ 6. Kd2 Bd4 7. e3 Bxc3+ 8. Kxc3 h6 9. Bh4 g5 10. Bg3 d6 11. h3 Bf5 12. Ne2 Bg6 13. Rc1 Nbd7 14. b3 a5 15. Nd4 Nc5 16. Be2 Nd3 17. Bxd3 exd3 18. Qf3 Ne4+ 19. Kb2 a4 20. b4 a3+ 21. Ka1 Ra4 22. b5 Rb4 23. Rhf1 d2 24. Rc2 Nxg3 25. Qxg3 Bxc2 26. Nxc2 Rxc4 27. Qf3 Qe7 28. Nxa3 Rc1+ 29. Kb2 Qe5+ 30. Kb3 Qc3+ 31. Ka4 Rxf1 32. Qxf1 Ke7 0-1

[Event "COL-ch sf"]
[Site "Bogota"]
[Date "2020.11.13"]
[Round "2"]
[White "Franco, Marcos"]
[Black "Ordonez Gonzalez, Gabriel"]
[Result "0-1"]
[WhiteElo "1673"]
[BlackElo "1924"]
[PlyCount "90"]
[EventDate "2020.11.12"]
[EventType "swiss"]
[EventRounds "8"]
[EventCountry "COL"]
[SourceTitle "CBM 199 Extra"]
[Source "ChessBase"]
[SourceDate "2021.01.31"]
[SourceVersion "1"]
[SourceVersionDate "2021.01.31"]
[SourceQuality "1"]

1. e4 c5 2. d4 cxd4 3. c3 d3 4. c4 d6 5. Bxd3 Nf6 6. Nc3 Nc6 7. h3 g6 8. Be3 Bg7 9. Qd2 Ne5 10. Be2 Be6 11. b3 Qa5 12. f4 Ned7 13. Rc1 0-0 14. Nf3 Nc5 15. 0-0 Nh5 16. e5 Ng3 17. Rf2 Rfd8 18. Qb2 Nxe2+ 19. Rxe2 Nd3 20. b4 Qc7 21. Nb5 Qb8 22. Qb3 Nxc1 23. Bxc1 dxe5 24. fxe5 a6 25. Nbd4 Qc8 26. Nxe6 Qxe6 27. Bf4 Rac8 28. Rc2 h6 29. a3 Qf5 30. Bg3 g5 31. Rf2 Qd3 32. Qxd3 Rxd3 33. c5 Rxa3 34. Rc2 Rd8 35. Kf2 Rb3 36. c6 bxc6 37. Rxc6 Rxb4 38. Rxa6 e6 39. Ke2 Rb2+ 40. Ke3 Bf8 41. Rc6 Rd5 42. Rc8 Kg7 43. Rc7 Bc5+ 44. Rxc5 Rxc5 45. Ke4 Rxg2 0-1

[Event "COL-ch Amateur U2000"]
[Site "Bogota"]
[Date "2017.03.05"]
[Round "6"]
[White "Morales, Luis Eduardo"]
[Black "Franco, Marcos"]
[Result "1-0"]
[WhiteElo "1744"]
[BlackElo "1724"]
[PlyCount "83"]
[EventDate "2017.03.02"]
[EventType "swiss"]
[EventRounds "7"]
[EventCountry "COL"]
[SourceTitle "CBM 177 Extra"]
[Source "ChessBase"]
[SourceDate "2017.04.27"]
[SourceVersion "1"]
[SourceVersionDate "2017.04.27"]
[SourceQuality "1"]

1. e4 c6 2. d4 d5 3. e5 c5 4. c3 e6 5. Nf3 Nc6 6. Be2 cxd4 7. cxd4 Nge7 8. Nbd2 Nf5 9. Nb3 Bb4+ 10. Bd2 Qe7 11. a3 Bxd2+ 12. Qxd2 f6 13. exf6 Qxf6 14. Bb5 Bd7 15. 0-0 0-0 16. Rfe1 a6 17. Nc5 Bc8 18. Bxc6 bxc6 19. Ne5 Ra7 20. Nxc6 Rc7 21. Ne5 Re7 22. Rad1 Nd6 23. f3 Nb7 24. Nxa6 Nd8 25. Nc5 Nb7 26. b4 Nxc5 27. dxc5 Ra7 28. Qb2 Qf4 29. b5 Rc7 30. c6 Qa4 31. Rd4 Qa8 32. Rc1 Rf5 33. Rb4 Rxe5 34. Qxe5 Qxa3 35. Qc3 Qa8 36. b6 Rf7 37. b7 Qa7+ 38. Qc5 Qb8 39. c7 Rxc7 40. Qxc7 Qa7+ 41. Kh1 Bxb7 42. Rxb7 1-0

[Event "Bogota IRT Clasico Lab op"]
[Site "Bogota"]
[Date "2015.11.22"]
[Round "5.7"]
[White "Perez, Juan Manuel"]
[Black "Franco, Marcos"]
[Result "1-0"]
[WhiteElo "1997"]
[BlackElo "1732"]
[PlyCount "71"]
[EventDate "2015.11.20"]
[EventType "swiss"]
[EventRounds "6"]
[EventCountry "COL"]
[SourceTitle "EXT 2024"]
[Source "ChessBase"]
[SourceDate "2023.10.10"]
[SourceVersion "1"]
[SourceVersionDate "2023.10.10"]
[SourceQuality "1"]

1. Nf3 c6 2. c4 e6 3. d4 d5 4. Nc3 Nf6 5. Bg5 Be7 6. e3 Nbd7 7. Rc1 h6 8. Bh4 a6 9. Bd3 0-0 10. 0-0 Re8 11. Re1 Nf8 12. Ne5 N6d7 13. Bg3 Nxe5 14. Bxe5 Bd6 15. Qg4 Bxe5 16. dxe5 Bd7 17. f4 dxc4 18. Bxc4 b5 19. Bd3 Rc8 20. Ne4 f5 21. exf6 g6 22. Qh4 Kh7 23. Ng5+ Kg8 24. f7+ Kg7 25. fxe8Q Bxe8 26. Nxe6+ Nxe6 27. Qg4 Qxd3 28. Qxe6 Qd7 29. Qe5+ Kh7 30. Rcd1 Qg7 31. Qe6 Ra8 32. Rd2 Bf7 33. Qxc6 Qf8 34. Rd7 Kg8 35. Red1 Rc8 36. Qf6 1-0

[Event "COL-chT"]
[Site "Bogota"]
[Date "2010.10.18"]
[Round "7.10"]
[White "Moreno Carnero, Javier"]
[Black "Franco, Marcos"]
[Result "1-0"]
[WhiteElo "2519"]
[BlackElo "1600"]
[PlyCount "73"]
[EventDate "2010.10.15"]
[EventType "swiss"]
[EventRounds "7"]
[EventCountry "COL"]
[SourceTitle "EXT 2024"]
[Source "ChessBase"]
[SourceDate "2023.10.10"]
[SourceVersion "1"]
[SourceVersionDate "2023.10.10"]
[SourceQuality "1"]

1. e4 b5 2. d4 d5 3. e5 Bf5 4. Nf3 e6 5. c4 Nd7 6. Be2 Ne7 7. Nh4 c6 8. Bd2 Qb6 9. Bc3 a6 10. 0-0 g6 11. Nxf5 Nxf5 12. Re1 Bg7 13. c5 Qc7 14. Nd2 0-0 15. Nf3 Rae8 16. a4 f6 17. Bd3 fxe5 18. dxe5 Nxc5 19. Bc2 Nd7 20. Qd3 c5 21. Qe2 d4 22. Bd2 c4 23. Bxf5 d3 24. Bxe6+ Rxe6 25. Qe4 Nxe5 26. Qd5 Nxf3+ 27. gxf3 Kh8 28. Rxe6 Bxb2 29. Rae1 c3 30. Re8 Rxe8 31. Rxe8+ Kg7 32. Qg8+ Kf6 33. Qe6+ Kg7 34. Re7+ Qxe7 35. Qxe7+ Kg8 36. Bh6 c2 37. Qf8# 1-0